Sudden Death - Nachbarländer Guineas - Statistiken

Allgemein
  • Dieses Quiz wurde 53 mal gespielt
  • Das Durchschnittsergebnis liegt bei 4 aus 6
Answers on the Grid
Answers color-coded by a green-red scale on the quiz's grid according to % correct below.
Guinea-Bissau🇬🇼
Senegal🇸🇳
Mali🇲🇱
Elfenbeinküste🇨🇮
Sierra Leone🇸🇱
Liberia🇱🇷
Burkina Faso🇧🇫
Ghana🇬🇭
Äquatorial-Guinea🇬🇶
Togo🇹🇬
Benin🇧🇯
Gambia🇬🇲
Gabun🇬🇦
Kamerun🇨🇲
Guyana🇬🇾
Mauretanien🇲🇷
Republik Kongo🇨🇬
Demokratische Republik Kongo🇨🇩
Angola🇦🇴
Zentralafrikanische Republik🇨🇫
 
Antwortstatistiken
Antwort % Korrekt
Guinea-Bissau🇬🇼
90%
Senegal🇸🇳
80%
Liberia🇱🇷
60%
Mali🇲🇱
60%
Sierra Leone🇸🇱
60%
Elfenbeinküste🇨🇮
50%
Keine übereinstimmenden Quizze gefunden
Verteilung der Resultate
Anzahl Personen mit jedem Resultat
Perzentil nach korrekt beantworteten Fragen
Ihre Resultats-Entwicklung
Sie haben dieses Quiz noch nicht gespielt